书目信息 |
| 题名: |
苏联共产党第二十三次代表大会主要文件汇编
|
|
| 作者: | 辛华 编译 | |
| 分册: | ||
| 出版信息: | 北京 三联书店 1978 |
|
| 页数: | 348页 | |
| 开本: | 19cm | |
| 丛书名: | ||
| 单 册: | ||
| 中图分类: | D512.2 | |
| 科图分类: | ||
| 主题词: | 国际政治 | |
| 电子资源: | ||
| ISBN: | ||
| 000 | 00753nam0 2200253 45 | |
| 001 | 0178003812 | |
| 005 | 20060731082739.81 | |
| 010 | @dCNY1.05 | |
| 091 | @a3002.195 | |
| 100 | @a19950713d1978 kemy0chiy0121 ea | |
| 101 | 1 | @achi |
| 102 | @aCN@b110000 | |
| 105 | @ay z 100yy | |
| 200 | 10 | @a苏联共产党第二十三次代表大会主要文件汇编@Asu lian gong chan dang di er shi san ci dai biao da hui zhu yao wen jian hui bian@f辛华编译@Fxin hua bian yi |
| 210 | @a北京@c三联书店@d1978 | |
| 215 | @a348页@d19cm | |
| 300 | @a内部发行 | |
| 601 | 02 | @a苏联共产党@x代表会议,第二十三次@x文件 |
| 606 | 0 | @a国际政治 |
| 610 | 0 | @a苏共@a文件 |
| 690 | @aD512.2@v4 | |
| 701 | 0 | @a辛华@Axin hua@4编译 |
| 801 | 0 | @aCN@bTSSF@c20060731 |
| 905 | @a10447@dD512.2@e117 | |
| 苏联共产党第二十三次代表大会主要文件汇编/辛华编译.-北京:三联书店,1978 |
| 348页;19cm |
| 内部发行 |
| ISBN :CNY1.05 |
| ● |
| 相关链接 |
|
|
|
|
正题名:苏联共产党第二十三次代表大会主要文件汇编
索取号:D512.2/117
 
预约/预借
| 序号 | 登录号 | 条形码 | 馆藏地/架位号 | 状态 | 备注 |
| 1 | 0007545 | 202166903 | 密集书库/ [索取号:D512.2/117] | 在馆 | |
| 2 | 0440659 | 204406598 | 密集书库/ [索取号:D512.2/117] | 在馆 |